000 00667nam a2200133Ia 4500
008 220615s9999||||xx |||||||||||||| ||und||
020 _a9782890000000
245 0 _aCurrent and Future Role of Artificial Intelligence in Cardiac Imaging
546 _aEnglish[eng]
650 _aartificial intelligence||cardiac imaging modalities||big data||cardiac image analysis||cardiovascular personalized medicine||AI adoption and translation
700 _aErhard Petersen, Steffen||Lekadir, Karim||Young, Alistair A.||Leiner, Tim
856 _uhttps://www.frontiersin.org/research-topics/10067/current-and-future-role-of-artificial-intelligence-in-cardiac-imaging
942 _cEB
999 _c15523
_d15523